000 00496nam a2200169Ia 4500
999 _c20958
_d20958
003 OSt
005 20200626141607.0
008 190216s9999||||xx |||||||||||||| ||und||
040 _coclc
082 _a954.83
_bKUN/K
100 _aKunhali, V
_93278
245 0 _aKerala Society Historical Perceptions /
_cV Kunhali
260 _bCalicut University Publications,
_aCalicut:
_c2002.
300 _a167p
650 _aHistory
942 _cBK
_2ddc
_h954.83
_iKUN/K
_k954.83
_mKUN/K